Genshin: Namenskärtchen - Statistiken

Allgemein
  • Dieses Quiz wurde 43 mal gespielt
  • Das Durchschnittsergebnis liegt bei 19 aus 28
Antwortstatistiken
Bildquiz Antwort % Korrekt
Arlecchino
97%
Dori
94%
Ineffa
94%
Kinich
88%
Chiori
84%
Ifa
84%
Citlali
81%
Diona
81%
Furina
81%
Iansan
78%
Ororon
78%
Yumemizuki Mizuki
78%
Xilonen
75%
Fréminet
72%
Chevreuse
69%
Kachina
69%
Sigewinne
69%
Escoffier
56%
Dahlia
53%
Baizhu
50%
Shenhe
47%
Tighnari
44%
Faruzan
41%
Kaeya
41%
Mika
41%
Candace
38%
Sangonomiya Kokomi
38%
Kamisato Ayato
34%
Keine übereinstimmenden Quizze gefunden
Verteilung der Resultate
Anzahl Personen mit jedem Resultat
Perzentil nach korrekt beantworteten Fragen
Ihre Resultats-Entwicklung
Sie haben dieses Quiz noch nicht gespielt